Identidad y trabajo : el proceso de construccion identitaria en los trabajadores subcontratados de la gran mineria del cobre en Chile /

Bibliographic Details
Main Author: Muñoz Flores, Mauricio Esteban (Author)
Format: Electronic eBook
Language:Spanish
Published: Ciudad de México, México : El Colegio de México, 2023.
Edition:Primera edición electrónica.
Subjects:
Online Access:Digitalia Hispánica

MARC

LEADER 00000nam a2200000 i 4500
001 DIGCOLMX0494
003 NyNyDIG
006 m o d
007 cr |||||||||||
008 231209t20232022mx a ob 000 0 spa d
035 |a (OCoLC)1414666829 
040 |a DGITA  |b eng  |e rda  |e pn  |c DGITA 
020 |a 9786075644974  |q electrónico 
020 |z 9786075643823  |q impreso 
043 |a s-cl--- 
050 1 4 |a HD8039.M72 ebook 
100 1 |a Muñoz Flores, Mauricio Esteban,  |e author. 
245 1 0 |a Identidad y trabajo :  |b el proceso de construccion identitaria en los trabajadores subcontratados de la gran mineria del cobre en Chile /  |c Mauricio Muñoz. 
250 |a Primera edición electrónica. 
264 1 |a Ciudad de México, México :  |b El Colegio de México,  |c 2023. 
264 4 |c ©2022 
300 |a 1 online resource :  |b illustrations. 
336 |a text  |b txt  |2 rdacontent 
337 |a computer file  |b c  |2 rdamedia 
338 |a online resource  |b cr  |2 rdacarrier 
347 |a text file  |2 rdaft 
347 |b EPUB 
504 |a Includes bibliographical references. 
588 0 |a Online resource; title from ePub title page (Digitalia, viewed December 9, 2023) 
650 0 |a Copper miners  |x Labor unions  |z Chile. 
650 0 |a Copper industry and trade  |x Subcontracting  |z Chile. 
776 0 8 |i Print version:  |a Muñoz Flores, Mauricio Esteban.  |t Identidad y trabajo.  |b Primera edición impresa.  |d Ciudad de México, México : El Colegio de México, 2022  |z 9786075643823 
791 2 |a Digitalia (Firm),  |e distributor. 
793 0 |g Digitalia eBook Collection:  |a El Colegio de México 
856 4 0 |3 Digitalia Hispánica  |u https://www.digitaliapublishing.com/a/131863/ 
910 |a Premium collection: 2023